00364nam a2200133Ia 4500008004100000020001500041041001200056100001700068245006900085260003500154300000800189650001700197700001600214221030s9999 xx 000 0 und d a8121925738 aEnglish aR. S. Khurmi 2aA Text Book of Thermal Engineeringcby R. S. Khurmi, J. K. Gupta bS. Chand & CoaNew Delhic2013 a895 aBB Mechanics aJ. K. Gupta